| 000 | 00655nam a2200241 a 4500 | ||
|---|---|---|---|
| 003 | AR-BaBNM | ||
| 005 | 20251128204125.0 | ||
| 008 | 082120s2002 ||||||||||||||000 | spa|| | ||
| 020 | _a950-25-2688-0 | ||
| 040 | _cAR-BaBNM | ||
| 100 | 1 | _aMallea, Eduardo | |
| 245 | 0 | 0 | _aLa sala de espera |
| 260 |
_aBuenos Aires _bCentro Editor de América Latina _c1993 |
||
| 300 | _axiii, 140 p. | ||
| 490 | 0 | _aBiblioteca básica Argentina. Serie B | |
| 650 | 4 | _aLITERATURA ARGENTINA | |
| 653 | _aCUENTOS ARGENTINOS | ||
| 653 | _aVANGUARDIAS LITERARIAS | ||
| 655 | _aLITERATURA | ||
| 700 | 1 |
_aMarin, Gladys C. _eprologuista |
|
| 942 | _cBK | ||
| 998 | _cCarmen | ||
| 999 |
_c6263 _d6263 |
||